Essentials in Hematology and Clinical Pathology (Record no. 246909)

MARC details
000 -LEADER
fixed length control field 00519nam a2200193Ia 4500
008 - FIXED-LENGTH DATA ELEMENTS--GENERAL INFORMATION
fixed length control field 240913s9999||||xx |||||||||||||| ||und||
082 ## - DEWEY DECIMAL CLASSIFICATION NUMBER
-- 616.07561 Q7
100 ## - MAIN ENTRY--PERSONAL NAME
Personal name Ramadas Nayak
245 #0 - TITLE STATEMENT
Title Essentials in Hematology and Clinical Pathology
250 ## - EDITION STATEMENT
Edition statement 2nd
260 ## - PUBLICATION, DISTRIBUTION, ETC. (IMPRINT)
Date of publication, distribution, etc 2017
Name of publisher, distributor, etc Jaypee Brothers Medical Publishers (P
500 ## - GENERAL NOTE
General note REFERENCE
650 ## - SUBJECT ADDED ENTRY--TOPICAL TERM
Topical term or geographic name as entry element Clinical Pathology
700 ## - ADDED ENTRY--PERSONAL NAME
Personal name Sharada Rai
942 ## - ADDED ENTRY ELEMENTS (KOHA)
Item type Reference
Holdings
Withdrawn status Lost status Damaged status Permanent location Current location Shelving location Date acquired Source of acquisition Cost, normal purchase price Full call number Barcode Date last seen Koha item type
      CENTRAL LIBRARY, NOORUL ISLAM CENTRE FOR HIGHER EDUCATION CENTRAL LIBRARY, NOORUL ISLAM CENTRE FOR HIGHER EDUCATION   08/01/2019 Calicut Book, Kuthiravattom 795.00 616.07561 Q7 80564 09/13/2024 Reference
Visitors:
Copyright © 2024 Central Library NICHE.  All rights reserved.